Antología / (Record no. 148943)

MARC details
000 -LEADER
campo de control de longitud fija 00629nam a2200205 4500
001 - NÚMERO DE CONTROL
campo de control 148943
003 - IDENTIFICADOR DE NÚMERO DE CONTROL
campo de control ES-MaACL
005 - FECHA Y HORA DE LA ÚLTIMA TRANSACCIÓN
campo de control 20240419153317.0
007 - CAMPO FIJO DE DESCRIPCIÓN FÍSICA--INFORMACIÓN GENERAL
campo de control de longitud fija t|
008 - DATOS DE LONGITUD FIJA--INFORMACIÓN GENERAL
campo de control de longitud fija 070214s1973 sp r ||||1| spa d
100 1# - ENTRADA PRINCIPAL--NOMBRE DE PERSONA
Nombre de persona Supervielle, Jules.
9 (RLIN) 108803
245 10 - MENCIÓN DEL TÍTULO
Título Antología /
Mención de responsabilidad, etc. Jules Supervielle ; versión de Jacinto-Luis Guereña.
250 ## - MENCION DE EDICION
Mención de edición [1ª ed.].
260 ## - PUBLICACIÓN, DISTRIBUCIÓN, ETC.
Lugar de publicación, distribución, etc. [Barcelona] :
Nombre del editor, distribuidor, etc. Plaza & Janés,
Fecha de publicación, distribución, etc. 1973 (
Fabricante Rigsa)
300 ## - DESCRIPCIÓN FÍSICA
Extensión 195 p. ;
Dimensiones 19 cm.
500 ## - NOTA GENERAL
Nota general Texto bilingüe.
700 0# - ENTRADA AGREGADA--NOMBRE PERSONAL
Nombre de persona Guereña, Jacinto Luis,
Fechas asociadas al nombre 1915-2007
9 (RLIN) 60460
852 ## - LOCALIZACIÓN
Ubicación ES-MaACL
Número de control de estantería C-56069
Sublocalización o colección R.88740
Holdings
Estatus retirado Estado de pérdida Estado de daño No para préstamo Biblioteca de origen Biblioteca actual Ubicación en estantería Fecha de adquisición Fuente de adquisición Total de préstamos Signatura topográfica completa Código de barras Visto por última vez Precio de reemplazo Tipo de ítem Koha
        Biblioteca del Ateneo de Madrid Biblioteca del Ateneo de Madrid Depósito 2 17/01/2008     C-56069 1155428 23/02/2023 23/02/2023 Libro impreso